LEADER 00571nab a2200133 i 4500 001 000000323396 003 CaOOAMICUS 005 20180831173423.0 008 180831n it uu u0 0ita r 013 $a33741 040 $aSeMil$bita 245 10$a«Chi ama Gesù Cristo spera tutto da Gesù Cristo». Mons. Ferruccio Dugnani (1928-1991). - In [rubrica] :$bIncontri. 773 0 $t[APRILE 2004]. - 32 p.$gp.28-30$w()261353 996 $6245$a«Chi ama Gesù Cristo spera tutto da Gesù Cristo». Mons. Ferruccio Dugnani (1928-1991). - In [rubrica] :$bIncontri.$9(OLS)http://semarc/title/396789 LEADER 00684nam a2200181 i 4500 001 000000230556 003 CaOOAMICUS 005 20140804000000.0 008 140804s1882 it u000 u lat u 013 $a209458 040 $aSeMil$bita 245 10$aIntroductio critica. Pars prima. 300 $aVII, 777 p. 773 0 $aUbaldi, Ubaldo$tIntroductio in Sacram Scripturam.$bEd. altera.$dRomae : Typographia polyglotta S. C. de Propaganda fide, 1882-1886.$g1$w()17954 850 $aSeMil 852 $aSeMil$W1$xVenegono$y1$m2W III 17 FA$j180902$B180902$CSeMilBibl$Z2$F192772 $8I 961 $aRecupero: Altro 996 $6245$aIntroductio critica. Pars prima$9(OLS)http://semarc/title/329388